Movies with Colorful Titles Quiz Stats

Quiz Updated Dec 10, 2015

Challenge
Share
Tweet
Score 0/25 Timer 08:00
8 Plays Today
% Correct
Men in Black 3
98.2%
Black Swan
97.2%
The Green Mile
94.6%
Green Lantern
82.4%
A Clockwork Orange
81.8%
Purple Rain
79.5%
The Hunt for Red October
78.4%
Yellow Submarine
68.6%
Black Hawk Down
68.1%
White Chicks
66.1%
Red
63.8%
The Color Purple
63%
The Green Hornet
59%
% Correct
Meet Joe Black
52.7%
White House Down
51.8%
Blue Crush
42.4%
Varsity Blues
39.7%
Red Dragon
39.6%
Red Dawn
35.2%
Black Sheep
35.1%
Soylent Green
29.9%
Black Snake Moan
27.5%
Orange County
26.8%
Blue Valentine
22.5%
Green Zone
22.1%

You're not logged in!

Compare scores with friends on all Sporcle quizzes.
Join for Free
OR
Log In

You Might Also Like...

Show Comments

Extras

Top Quizzes Today


Score Distribution

Your Account Isn't Verified!

In order to create a playlist on Sporcle, you need to verify the email address you used during registration. Go to your Sporcle Settings to finish the process.

Report this User

Report this user for behavior that violates our Community Guidelines.

Details: